Fodor's India.
| Format: | Book |
|---|---|
| Published: |
[S.l]:
Fodors LLC,
[2004].
|
| Edition: | 5th ed. |
| Subjects: |
| LEADER | 00402cam a2200157 7i4500 | ||
|---|---|---|---|
| 001 | 0000015018 | ||
| 005 | 20050205090000.0 | ||
| 020 | 0 | 0 | |a 1-400-1312-7 |
| 090 | 0 | 0 | |a INDA 915.13 |b FOO |
| 245 | 0 | 0 | |a Fodor's India. |
| 250 | 0 | 0 | |a 5th ed. |
| 260 | 0 | 0 | |a [S.l]: |b Fodors LLC, |c [2004]. |
| 300 | # | # | |a 620 p. |
| 650 | 0 | 0 | |a India -- |x Guidebooks |
| 651 | 0 | 0 | |a India |
| 999 | |a B000016529 |b Book |c Countries |e Business Information Centre | ||